Društveno preduzece u "mešovitoj privredi".

Zákon o podniku v Juhoslávii umožňuje využívať všetky formy vlastníctva. Podmienky privatizácie juhoslovanských štátnych podnikov nemožno porovnávať s privatizáciou v západných štátoch - drobný vlastník účastiny sa vie orientovať podľa jej hodnoty na trhu. Podniky sa budú musieť stať reálnymi ekonom...

Ausführliche Beschreibung

Gespeichert in:
Bibliographische Detailangaben
1. Verfasser: Cerovic, B.
Format: Buchkapitel
Sprache:Serbisch
Schlagworte:
Tags: Tag hinzufügen
Keine Tags, Fügen Sie das erste Tag hinzu!

MARC

LEADER 00000naa a2200000 4500
001 r002247
005 20220819191455.6
041 0 |a srp 
044 |a [YU] 
245 1 0 |a Društveno preduzece u "mešovitoj privredi".  |c B. Cerovic 
520 |a Zákon o podniku v Juhoslávii umožňuje využívať všetky formy vlastníctva. Podmienky privatizácie juhoslovanských štátnych podnikov nemožno porovnávať s privatizáciou v západných štátoch - drobný vlastník účastiny sa vie orientovať podľa jej hodnoty na trhu. Podniky sa budú musieť stať reálnymi ekonomickými subjektami a celé národné hospodárstvo sa musí otvoriť svetovému trhu. 
610 2 0 |a vlastníctvo 
610 2 0 |a podnik štátny 
610 2 0 |a privatizácia 
610 2 0 |a vlastníctvo spoločenské 
610 2 0 |a SFRJ 
100 1 |a Cerovic, B.